=LDR 00000nam 2200000 4500 =001 NUTBA000000000005304 =005 20210114095309 =035 ##$$a 0010-101400000000534 =008 210114################g##########0#ind## =040 ##$$a NBPDMAT =090 ##$$a 332.4 $b Dev u =100 ##$$a Devi Andriana =245 1#$$a Uang dan pekerjaan /$c Devi Andriana; editor, Otong Lesmana =260 ##$$a Bandung :$b Sarana Panca Karya Nusa,$c 2009 =300 ##$$a 64 hlm. : $b ilus. ; $c 17x28 cm. =500 ##$$a Bibilografi : hlm. 64 =650 #4$$a Uang =700 #$$a Otong Lesmana =850 ##$$a NBPDMAT =020 ##$$a 978-979-6783-73-1 =082 ##$$a 332.4 =084 ##$$a 332.4 DEV u =990 ##$$a 21414567 =990 ##$$a 21414568 =990 ##$$a 21414569 =990 ##$$a 21414570 =990 ##$$a 21414571 =990 ##$$a 21414571 =990 ##$$a 21414567 =990 ##$$a 21414568 =990 ##$$a 21414569 =990 ##$$a 21414570